History Quiz

Random History or War Quiz

Which National Air Force? Quiz Stats

Quiz Updated Apr 30, 2016

Also try: Which Army?
Challenge
Share
Tweet
Score 0/20 Timer 06:00
2 Plays Today
% Correct
Switzerland (F/A-18C Hornet)
95%
United States of America (B-2 Spirit)
94.4%
Germany (Tornado ECR)
93.8%
Israel (F-15I Thunder)
79%
Japan (F-4 Phantom II)
63.9%
Russia (MiG-29 Fulcrum)
62%
France (Mirage 2000)
58.3%
Egypt (CASA C-295)
57.3%
North Korea (MiG-21 Fishbed)
56.8%
China (J-10 Vigorous Dragon)
56.1%
% Correct
Canada (CF-18 Hornet)
54.5%
Pakistan (JF-17 Thunder)
51.6%
United Kingdom (Harrier GR9)
50.5%
Australia (Hawk 127)
49.5%
Saudi Arabia (F-15S Strike Eagle)
49.2%
Sweden (JAS 39 Grippen)
42.4%
Poland (F-16C Fighting Falcon)
35.8%
Netherlands (C-130H Hercules)
33.2%
Italy (EF2000 Typhoon)
28.5%
Nigeria (F-7 Airguard)
25.2%

You're not logged in!

Compare scores with friends on all Sporcle quizzes.
Sign Up with Email
OR
Log In

You Might Also Like...

Show Comments

Extras

Top Quizzes Today


Score Distribution

Your Account Isn't Verified!

In order to create a playlist on Sporcle, you need to verify the email address you used during registration. Go to your Sporcle Settings to finish the process.